000 00358nam a22001577a 4500
003 MPLRDC
005 20220104163454.0
008 210129b ||||| |||| 00| 0 eng d
082 _a870.57 BAR
100 _aHARRY BARNARD
245 _aEAGLE FORGOTTEN
_c
260 _a
_bCHARTER BOOKS
_c
300 _b
650 _aFICTION
942 _cBK
_o870.57 BAR
999 _c56477
_d56467